| 000 | 00780nam a2200253Ia 4500 | ||
|---|---|---|---|
| 003 | OSt | ||
| 005 | 20220927103136.0 | ||
| 006 | a|||||r|||| 00| 0 | ||
| 007 | ta | ||
| 008 | 220926b |||||||| |||| 00| 0 eng d | ||
| 024 | _a60474 | ||
| 037 | _cReference Collections | ||
| 040 |
_aRTL _cRTL _beng |
||
| 041 |
_2eng _aeng |
||
| 082 | _a"X64.1(X).N7, M2/UN" | ||
| 100 |
_aVirmanI Arvind _9353596 |
||
| 245 | 0 | _aNature of credit markets in developing countries | |
| 260 |
_aWashighgton _bWorld Bank _c1982 |
||
| 300 |
_a195 p _ccm. |
||
| 490 | _a"World Bank Staff Working Papers,524. Domestoc Financial Study .71" | ||
| 650 |
_aMoney Markets _9351417 |
||
| 942 |
_h"X64.1(X).N7, M2/UN" _cCC |
||
| 999 |
_c680857 _d680857 |
||